000 00760nam a2200265Ia 4500
003 OSt
005 20220912144843.0
006 a|||||r|||| 00| 0
007 ta
008 220909b |||||||| |||| 00| 0 eng d
024 _a73129
037 _bPanima,
037 _cTextual
040 _aCSL
_beng
_cCSL
041 _aeng
082 _aD65,8(B)-4N60, M9
100 _aTaubner Dirk
245 0 _aFinite representations of CCS and TCSP programs by Automata and petri nets
260 _aBerlin
_bSpringer-Verlag
_c1989
300 _a168p.
_ccm.
490 _aLecture notes in computer science; 369
650 _aComputer science
942 _hD65,8(B)-4N60, M9
_cTEXL
_2CC
999 _c17323
_d17323